MARC details
| 000 -LEADER |
| fixed length control field |
03538nam a2200409Ka 4500 |
| 001 - CONTROL NUMBER |
| control field |
bslw06912687 |
| 003 - CONTROL NUMBER IDENTIFIER |
| control field |
UtOrBLW |
| 005 - DATE AND TIME OF LATEST TRANSACTION |
| control field |
20210303085231.0 |
| 006 - FIXED-LENGTH DATA ELEMENTS--ADDITIONAL MATERIAL CHARACTERISTICS |
| fixed length control field |
m d |
| 007 - PHYSICAL DESCRIPTION FIXED FIELD--GENERAL INFORMATION |
| fixed length control field |
cr un||||||||| |
| 008 - FIXED-LENGTH DATA ELEMENTS--GENERAL INFORMATION |
| fixed length control field |
110201s2010 enka o 000 0 eng d |
| 020 ## - INTERNATIONAL STANDARD BOOK NUMBER |
| International Standard Book Number |
9780857241504 (electronic bk.) : |
| Terms of availability |
£67.95 ; €97.95 ; $124.95 |
| 040 ## - CATALOGING SOURCE |
| Original cataloging agency |
UtOrBLW |
| Transcribing agency |
UtOrBLW |
| 050 #4 - LIBRARY OF CONGRESS CALL NUMBER |
| Classification number |
HB139 |
| Item number |
.M39 2010 |
| 072 #7 - SUBJECT CATEGORY CODE |
| Subject category code |
KC |
| Source |
bicssc |
| 072 #7 - SUBJECT CATEGORY CODE |
| Subject category code |
KCH |
| Source |
bicssc |
| 072 #7 - SUBJECT CATEGORY CODE |
| Subject category code |
BUS021000 |
| Source |
bisacsh |
| 080 ## - UNIVERSAL DECIMAL CLASSIFICATION NUMBER |
| Universal Decimal Classification number |
330.4 |
| 082 04 - DEWEY DECIMAL CLASSIFICATION NUMBER |
| Classification number |
330.015195 |
| Edition number |
22 |
| 245 00 - TITLE STATEMENT |
| Title |
Maximum simulated likelihood methods and applications |
| Medium |
[electronic resource] / |
| Statement of responsibility, etc. |
edited by William Greene, R. Carter Hill. |
| 260 ## - PUBLICATION, DISTRIBUTION, ETC. |
| Place of publication, distribution, etc. |
Bingley, U.K. : |
| Name of publisher, distributor, etc. |
Emerald, |
| Date of publication, distribution, etc. |
2010. |
| 300 ## - PHYSICAL DESCRIPTION |
| Extent |
1 online resource (xiv, 356 p.) : |
| Other physical details |
ill. |
| 490 1# - SERIES STATEMENT |
| Series statement |
Advances in econometrics, |
| International Standard Serial Number |
0731-9053 ; |
| Volume/sequential designation |
26 |
| 505 0# - FORMATTED CONTENTS NOTE |
| Formatted contents note |
Introduction / William Greene -- MCMC perspectives on simulated likelihood estimation / Ivan Jeliazkov and Esther Hee Lee -- The panel probit model : adaptive integration on sparse grids / Florian Heiss -- A comparison of the maximum simulated likelihood and composite marginal likelihood estimation approaches in the context of the multivariate ordered response model / Chandra R. Bhat, Cristiano Varin, Nazneen Ferdous -- Pretest estimation in the random parameters logit model / Tong Zeng and R. Carter Hill -- Simulated maximum likelihood estimation of continuous time stochastic volatility models / Tore Selland Kleppe, Jun Yu, Hans J. Skaug -- Education savings accounts, parent contributions, and education attainment / Michael D. S. Morris -- Estimating the effect of exchange rate flexibility on financial account openness / Raul Razo-Garcia -- estimating a fractional response model with a count endogenous regressor and an application to female labor supply / Hoa B. Nguyen -- Alternative random effects panel gamma SML estimation with heterogeneity in random and one-sided error / Saleem Shaik and Ashok K. Mishra -- Modelling and forecasting volatility in a Bayesian approach / Esmail Amiri. |
| 520 ## - SUMMARY, ETC. |
| Summary, etc. |
The economics and statistics literature using computer simulation based methods has grown enormously over the past decades. Maximum Simulated Likelihood is a statistical tool useful for incorporating individual differences (called heterogeneity in the econometrics literature) and variations into a statistical analysis. Problems that can be intractable with traditional methods are solved using computer simulation integrated with classical methods. Instead of assuming that everyone responds to stimuli in the same way, allowances are made for the possibility that different decision makers will respond in different ways. The techniques can be applied to problems of individual choice, such as the choice of a transportation model, or choice among health care options, as well as to the problem of making financial and macroeconomic predictions. Contributors to the volume discuss alternative simulation methods that permit faster and more accurate inference, as well as applications of established methods. |
| 588 0# - SOURCE OF DESCRIPTION NOTE |
| Source of description note |
Print version record |
| 650 #7 - SUBJECT ADDED ENTRY--TOPICAL TERM |
| Topical term or geographic name entry element |
Business & Economics |
| General subdivision |
Econometrics. |
| Source of heading or term |
bisacsh |
| 650 #7 - SUBJECT ADDED ENTRY--TOPICAL TERM |
| Topical term or geographic name entry element |
Economics. |
| Source of heading or term |
bicssc |
| 650 #7 - SUBJECT ADDED ENTRY--TOPICAL TERM |
| Topical term or geographic name entry element |
Econometrics. |
| Source of heading or term |
bicssc |
| 650 #0 - SUBJECT ADDED ENTRY--TOPICAL TERM |
| Topical term or geographic name entry element |
Econometrics. |
| 700 1# - ADDED ENTRY--PERSONAL NAME |
| Personal name |
Greene, William. |
| 700 1# - ADDED ENTRY--PERSONAL NAME |
| Personal name |
Hill, R. Carter. |
| 776 1# - ADDITIONAL PHYSICAL FORM ENTRY |
| International Standard Book Number |
9780857241498 |
| 830 #0 - SERIES ADDED ENTRY--UNIFORM TITLE |
| Uniform title |
Advances in econometrics ; |
| Volume/sequential designation |
26. |
| 856 40 - ELECTRONIC LOCATION AND ACCESS |
| Uniform Resource Identifier |
<a href="https://www.emerald.com/insight/publication/doi/10.1108/S0731-9053(2010)26">https://www.emerald.com/insight/publication/doi/10.1108/S0731-9053(2010)26</a> |
| 913 ## - |
| -- |
BME2010 |